000 00554nam a2200193Ia 4500
005 20250923145324.0
008 008 250917s9999 xx 000 0 eng d
037 _aTextual
040 _aDSWL
_beng
_cDSWL
041 _aeng
_2eng
084 _aY72x49G, N74
_qDSWL
245 0 _aSouth Asia Seven community Profile
_c Ed.by C. Maloney
260 _aNew York
_b Rinehart & Winston Inc.
_c1974
300 _axiv,304 p.
365 _aINR
_b63 . 45
925 _g63 . 45
942 _cTEXL
_hY72x49G, N74
999 _c1449958
_d1449958